Datum a čas kvízu
34.5
Celkem bodů
Celkový počet nahraných bodů na tomto kvízu bez doplňovacích otázek.
5.
Pořadí na kvízu
Konečné umístění týmu na tomto kvízu.
Zaznamenané odpovědi
| # | Otázka | Odpověď | Body | Výsledky |
|---|---|---|---|---|
| 1. | Aktuální popularity čínské zub... | Jana Maláčová | 1 | |
| 2. | Britský magazín Time Out každo... | Bangkok | 0 | |
| 3. | „Vaše učitelka angličtiny a vá... | Taylor Swift; Travis Kelce | 1 | |
| 4. | Ve čtvrtek oznámili vědci z Pa... | Osudy dobrého vojáka Švejka (za světové války) | 0 | |
| 5. | Italskému fotografovi Rayovi G... | Jasmine Paolini | 1 | |
| 6. | Jak se nazývá věda, která se z... | adiktologie | 1 | |
| 7. | V dnešní době se hodně mluví o... | A) netolismus | 1 | |
| 8. | Na fotografii vidíte asi nejzn... | Katka, Helena Třeštíková | 1 | |
| 9. | Při léčbě některých závislostí... | C | 1 | |
| 10. | Téma zakončíme u knih. Holky n... | Ivona Březinová | 0 |